000 00264nam a22001217a 4500
003 SGT
082 _a346.048
_bRAM
100 _aRAMAN, WAGH KOVER
245 _aINTELLECTUAL PROPERTY RIGHTS
260 _aINDIA
_bPV. PUB.
_c2020
300 _a195
942 _2ddc
_cBK
999 _c32426
_d32426